00591cam a22002051 4500001001300000003000400013005001700017008004100034010001700075035002000092040002100112042001200133050001700145100003800162245006100200260004100261300002100302650002400323651003800347ne 68000698 DLC20260227111838.0931130s1967 le 000 0 arar  ane 68000698  a(OCoLC)29404829 aDLCcCUdCUdDLC apremarc00aHX431.L4bJ81 aJunblāṭ, Kamāl,d1917-1977.10aThawrah fī ʻālam al-insān /cKamāl Junblāṭ. aBayrūt :bDār Ṣādir,c[1967] a338 p. ;c20 cm. 0aSocialismzLebanon. 0aLebanonxPolitics and government.